Sesgo anti-exportador y promoción de exportaciones en la Republica Dominicana / (Registro nro. 8090)

Detalles MARC
000 -LIDER
fixed length control field 01016nam a2200277 a 4500
001 - NÚMERO DE CONTROL
Identificador de número de control 000007082
003 - IDENTIFICACDOR DE NÚMERO DE CONTROL
control field DO-SdBNP
005 - DATE AND TIME OF LATEST TRANSACTION
control field 20170925095437.0
007 - CAMPOS FIJOS DE DESCRIPCIÓN FÍSICA
fixed length control field 000007082
008 - ELEMENTOS DE LONGITUD FIJA
fixed length control field 090904s1994 dr d 000 0 spa d
040 ## - FUENTE DE CATALOGACIÓN
Agencia que crea de manera original el registro BPMSU
Idioma de catalogación spa
Agencia que realiza la transcripción BPMSU
082 #4 - NÚMERO DE CLASIFICACIÓN DECIMAL DE DEWEY
Classification number 382.6
Item number D238s
100 1# - ASIENTO PRINCIPAL -- NOMBRE PERSONAL
Nombre personal Dauhajre, Andres
245 10 - MENCIÓN DE TITULO
Título Sesgo anti-exportador y promoción de exportaciones en la Republica Dominicana /
Mención de responsabilidad Andres Dauhajre ; presentación Héctor Valdéz Albizu.
260 ## - PUBLICACIÓN, DISTRIBUCIÓN, ETC. (PIE DE IMPRENTA)
Lugar de publicación, distribución, etc Santo Domingo :
Nombre del editor, distribuidor, etc. Banco Central de la República Dominicana,
Fecha de publicación, distribución, etc 1994.
300 ## - DESCRIPCIÓN FÍSICA
Extensión x, 125 p. :
Otros detalles físicos diagr. ;
Dimensiones 23 cm.
504 ## - NOTA DE BIBLIOGRAFÍA, ETC.
Bibliography, etc incluye referencias bibliográficas y notas al pie de las páginas
650 #4 - ENCABEZAMIENTO DE MATERIA--TEMÁTICO
Término temático o nombre geográfico como elemento de entrada EXPORTACIONES
Subdivisión geográfica REPÚBLICA DOMINICANA
650 #4 - ENCABEZAMIENTO DE MATERIA--TEMÁTICO
Término temático o nombre geográfico como elemento de entrada PROMOCIÓN DE EXPORTACIÓN
651 #4 - ENCABEZAMIENTO DE MATERIA--NOMBRE GEOGRÁFICO
Nombre geográfico REPÚBLICA DOMINICANA
Subdivisión temática general COMERCIO EXTERIOR
700 12 - ASIENTO SECUNDARIO -- NOMBRE PERSONAL
Nombre personal Valdéz Albizu, Héctor
910 ## - VALIDACIÓN
Validación Validado. Control de calidad MFF
942 ## - ADDED ENTRY ELEMENTS (KOHA)
Source of classification or shelving scheme Dewey Decimal Classification
Koha item type Libros
945 ## - INFORMACIÓN DE PROCESAMIENTO LOCAL
Información de procesamiento local Inventario / 2017 VM
956 ## - LOCAL ELECTRONIC LOCATION AND ACCESS (OCLC)
Nombre de host VMATEO
Número de acceso 10
Información de compresión 20150806
Inicio de sesión BPMSU
Procesador de solicitud 00151
Existencias
Withdrawn status Lost status Source of classification or shelving scheme Damaged status Not for loan Collection code Home library Current library Date acquired Source of acquisition Total Checkouts Full call number Barcode Date last seen Price effective from Koha item type Copy number
    Dewey Decimal Classification     Colección Dominicana Biblioteca Pública Metropolitana Salomé Ureña Biblioteca Pública Metropolitana Salomé Ureña 08/06/2015 Donación Fundación Economía y desarrollo   382.6 D238s BPMSU15080105 08/06/2015 08/06/2015 Libros  
    Dewey Decimal Classification     Colección Dominicana Biblioteca Pública Metropolitana Salomé Ureña Biblioteca Pública Metropolitana Salomé Ureña 08/06/2015 Fundación Economía y Desarrollo   382.6 D238s BPMSU15080106 08/06/2015 08/06/2015 Libros e. 2
    Dewey Decimal Classification     Colección Dominicana Biblioteca Pública Metropolitana Salomé Ureña Biblioteca Pública Metropolitana Salomé Ureña 08/06/2015 Fundación Economía y Desarrollo   382.6 D238s BPMSU15080107 08/06/2015 08/06/2015 Libros e. 3